| 000 | 00471nam a22001217a 4500 | ||
|---|---|---|---|
| 082 | _a200 THE | ||
| 100 |
_aAlishba Salahuddin _970178 |
||
| 245 | _aTH-SOF-1667-Tracking of Anterior Mitral Leaflets in Echocardiographic Sequences for Detection of Rheumatic Heart Disease | ||
| 260 |
_aISLAMABAD _bNUST COLLEGE OF EME _c2019 |
||
| 650 |
_aMS-COMPUTER ENGINEERING-85 MSTHESIS _969445 |
||
| 700 |
_aSupervisor Dr. Farhan Riaz Co-Supervisor Dr. Ali Hassan _970179 |
||
| 942 | _cCF | ||
| 999 |
_c577203 _d577203 |
||